| 000 | 01376nam a2200229 a 4500 | ||
|---|---|---|---|
| 008 | 080304s1996 ||||||||||||||||| || u | ||
| 020 | _a8120310063 | ||
| 050 | _aQA 295 Gou | ||
| 100 | _aBoumahrat, M | ||
| 245 | 1 | 0 |
_aApplied numerical methods _cA. Gourdin; M. Boumahrat |
| 260 |
_aNew Delhi _bPrentice Hall of India _c1996 |
||
| 300 | _aviii, 384p.: ill. | ||
| 350 | _a32500.00 | ||
| 650 | _aMATHEMATICS--NUMERICAL ANALYSIS | ||
| 650 | 0 | _aMATHEMATICS--HANDBOOKS, MANUALS, ETC | |
| 700 | _aGourdin, A | ||
| 995 |
_aMAIN LIBRARY OPEN ACCESS _D32500.00 _e738650 _FCBU-MAIN LIBRARY (Kitwe) _H1 _I0.00 _jQA 295 GOU _M1 _UAVAILABLE _WMar 5, 2008 _y738650 _ZMain Library Open Access Collection |
||
| 995 |
_aTEXTBOOKS (COMP.SCIENCE) _D32500.00 _e3032 _FCBU-SCHOOL TEXTBOOK COLLECTIONS _H1 _I0.00 _jSCHOOL TEXTBOOK _M4 _UAVAILABLE _WJul 15, 2009 _y3032 _ZSchool Collections |
||
| 995 |
_aTEXTBOOKS (COMP.SCIENCE) _D32500.00 _e3033 _FCBU-SCHOOL TEXTBOOK COLLECTIONS _H1 _I0.00 _jSCHOOL TEXTBOOK _M5 _UAVAILABLE _WJul 15, 2009 _y3033 _ZSchool Collections |
||
| 995 |
_aANNEX COLLECTION (Main Library) _D32500.00 _e738287 _FCBU-MAIN LIBRARY (Kitwe) _H1 _I0.00 _jQA 295 GOU _M2 _UAVAILABLE _WMar 6, 2008 _y738287 _ZAnnex Low-Usage Collection |
||
| 995 |
_aANNEX COLLECTION (Main Library) _D32500.00 _e738288 _FCBU-MAIN LIBRARY (Kitwe) _H1 _I0.00 _jQA 295 GOU _M3 _UAVAILABLE _WMar 6, 2008 _y738288 _ZAnnex Low-Usage Collection |
||
| 999 |
_c84298 _d84298 |
||